Wszyscy piłkarze w reprezentacji Francji w XXI w. - Statystyki

Ogólne statystyki
  • Ten quiz został rozwiązany 70 razy
  • Średni wynik to 60 z 169
Statystyki odpowiedzi
Pozycja Zawodnik % Poprawnych
Bramkarz Hugo Lloris
96%
Napastnik Kylian Mbappe
96%
Napastnik Olivier Giroud
87%
Pomocnik Zinedine Zidane
85%
Napastnik Karim Benzema
83%
Pomocnik N'Golo Kante
83%
Obrońca Raphael Varane
83%
Obrońca Lucas Hernandez
81%
Obrońca Theo Hernandez
81%
Pomocnik Khephren Thuram
80%
Obrońca Lilian Thuram
80%
Napastnik Marcus Thuram
80%
Napastnik Antoine Griezmann
78%
Pomocnik Ousmane Dembele
78%
Napastnik Thierry Henry
78%
Pomocnik Eduardo Camavinga
74%
Pomocnik Aurelien Tchouameni
72%
Bramkarz Steve Mandanda
72%
Pomocnik Paul Pogba
70%
Obrońca Benjamin Pavard
69%
Pomocnik Kingsley Coman
69%
Obrońca Patrice Evra
69%
Pomocnik Adrien Rabiot
67%
Pomocnik Claude Makelele
67%
Pomocnik Franck Ribery
67%
Bramkarz Mike Maignan
67%
Obrońca Samuel Umtiti
65%
Bramkarz Alphonse Areola
63%
Napastnik David Trezeguet
63%
Bramkarz Fabien Barthez
63%
Pomocnik Blaise Matuidi
61%
Pomocnik Emmanuel Petit
61%
Obrońca Jules Kounde
61%
Obrońca Laurent Blanc
61%
Napastnik Nicolas Anelka
61%
Obrońca Bacary Sagna
59%
Obrońca Benjamin Mendy
59%
Obrońca Bernard Mendy
59%
Pomocnik Dimitri Payet
59%
Obrońca Ferland Mendy
59%
Obrońca Laurent Koscielny
57%
Obrońca Marcel Desailly
57%
Pomocnik Patrick Vieira
57%
Pomocnik Robert Pires
57%
Pomocnik Samir Nasri
57%
Obrońca Dayot Upamecano
56%
Obrońca Ibrahima Konate
54%
Obrońca William Saliba
54%
Obrońca Bixente Lizarazu
52%
Obrońca Eric Abidal
52%
Obrońca Gael Clichy
52%
Pomocnik Moussa Sissoko
52%
Obrońca Presnel Kimpembe
52%
Napastnik Randal Kolo Muani
52%
Bramkarz Brice Samba
50%
Obrońca Wesley Fofana
50%
Pomocnik Youssouf Fofana
50%
Napastnik Alexandre Lacazette
48%
Napastnik Andre-Pierre Gignac
48%
Obrońca Lucas Digne
46%
Obrońca Clement Lenglet
44%
Pomocnik Alou Diarra
43%
Pomocnik Lassana Diarra
43%
Pomocnik Mathieu Valbuena
43%
Pomocnik Steven N'Zonzi
43%
Obrońca Adil Rami
41%
Pomocnik Corentin Tolisso
41%
Pomocnik Florent Malouda
41%
Pomocnik Nabil Fekir
41%
Obrońca Mathieu Debuchy
39%
Napastnik Djibril Cisse
37%
Pomocnik Florian Thauvin
37%
Obrońca Mamadou Sakho
37%
Obrońca Willy Sagnol
37%
Napastnik Wissam Ben Yedder
37%
Napastnik Anthony Martial
35%
Obrońca Djibril Sidibe
35%
Bramkarz Gregory Coupet
35%
Obrońca Jonathan Clauss
35%
Napastnik Loic Remy
35%
Pomocnik Thomas Lemar
35%
Obrońca William Gallas
35%
Pomocnik Abou Diaby
33%
Pomocnik Moussa Diaby
33%
Napastnik Sylvain Wiltord
33%
Napastnik Christopher Nkunku
31%
Obrońca Jeremy Mathieu
31%
Pomocnik Ludovic Giuly
31%
Obrońca Kurt Zouma
30%
Obrońca Axel Disasi
28%
Pomocnik Mathieu Flamini
28%
Pomocnik Matteo Guendouzi
28%
Obrońca Benoit Badiashile
24%
Obrońca Philippe Mexes
24%
Pomocnik Sidney Govou
24%
Bramkarz Stephane Ruffier
24%
Pomocnik Yohan Cabaye
24%
Obrońca Christophe Jallet
22%
Pomocnik Jeremy Menez
22%
Pomocnik Jeremy Toulalan
22%
Obrońca Layvin Kurzawa
22%
Napastnik Louis Saha
22%
Obrońca Mickael Silvestre
22%
Pomocnik Morgan Schneiderlin
22%
Napastnik Bafetimbi Gomis
20%
Pomocnik Boubacar Kamara
20%
Pomocnik Hatem Ben Arfa
20%
Pomocnik Maxime Gonalons
20%
Pomocnik Olivier Kapo
20%
Pomocnik Yoann Gourcuff
20%
Obrońca Eliaquim Mangala
19%
Napastnik Kevin Gameiro
19%
Obrońca Malo Gusto
19%
Bramkarz Mickael Landreau
19%
Pomocnik Remy Cabella
19%
Obrońca Gael Givet
17%
Pomocnik Jerome Rothen
17%
Pomocnik Jordan Veretout
17%
Obrońca Nordi Mukiele
17%
Pomocnik Tanguy Ndombele
17%
Napastnik Christophe Dugarry
15%
Obrońca Mapou Yanga-Mbiwa
15%
Pomocnik Youri Djorkaeff
15%
Bramkarz Bernard Lama
13%
Obrońca Benoit Tremoulinas
13%
Pomocnik Etienne Capoue
13%
Obrońca Jean-Alain Boumsong
13%
Obrońca Sebastien Squillaci
13%
Obrońca Anthony Reveillere
11%
Obrońca Frank Leboeuf
11%
Napastnik Guillaume Hoarau
11%
Obrońca Leo Dubois
11%
Napastnik Paul-Georges Ntep
11%
Pomocnik Rio Mavuba
11%
Pomocnik Benoit Pedretti
9%
Obrońca Francois Clerc
9%
Pomocnik Geoffrey Kondogbia
9%
Napastnik Jimmy Briand
9%
Pomocnik Joshua Guilavogui
9%
Obrońca Julien Escude
9%
Pomocnik Marvin Martin
9%
Bramkarz Sebastien Frey
9%
Pomocnik Christian Karembeu
7%
Pomocnik Johan Micoud
7%
Pomocnik Jonathan Ikone
7%
Napastnik Laurent Robert
7%
Bramkarz Ulrich Rame
6%
Pomocnik Vikash Dhorasoo
6%
Obrońca Vincent Candela
6%
Pomocnik Yann M'Vila
6%
Obrońca Adrien Truffert
4%
Pomocnik Bruno Cheyrou
4%
Napastnik Daniel Moreira
4%
Pomocnik Olivier Dacourt
4%
Obrońca Philippe Christanval
4%
Obrońca Rod Fanni
4%
Napastnik Steve Marlet
4%
Obrońca Younes Caboul
4%
Pomocnik Alain Boghossian
2%
Pomocnik Camel Meriem
2%
Pomocnik Eric Carriere
2%
Pomocnik Franck Jurietti
2%
Obrońca Frederic Dehu
2%
Bramkarz Lionel Letizi
0%
Obrońca Martin Djetou
0%
Napastnik Pegguy Layindula
0%
Bramkarz Richard Dutruel
0%
Pomocnik Sabri Lamouchi
0%
Nie znaleziono quizów pasujących do podanych kryteriów
Rozkład punktacji
Procent ludzi z każdym wynikiem
Percentyl według liczby udzielonych odpowiedzi
Twoja historia wyników
Nie rozwiązałeś tego quizu